| 000 | 00472nam a22001817a 4500 | ||
|---|---|---|---|
| 005 | 20250310122542.0 | ||
| 008 | 160620b xxu||||| |||| 00| 0 eng d | ||
| 020 | _a978-81-203-3694-0 | ||
| 041 | _aeng | ||
| 082 |
_b8497 _a658.8 |
||
| 100 |
_aSRINIVASAN , R _91419 |
||
| 245 | _aSERVICES MARKETING : THE INDIAN CONTEXT [ 2ND ED.] | ||
| 250 | _a2ND ED. | ||
| 260 |
_bPHI LEARNING PVT.LTD _aNEW DELHI _c2009 |
||
| 300 | _a267;P | ||
| 650 | _aManagement | ||
| 942 | _cBK | ||
| 999 |
_c3257 _d3256 |
||